Every NFL teams best defensive player of all time - Statistics

General Stats
  • This quiz has been taken 159 times
    121 since last reset
  • The average score is 12 of 32
Answer Stats
Hint Answer % Correct
BAL Ray Lewis
83%
NYG Lawrence Taylor
78%
MIA Jason Taylor
75%
HOU J.J. Watt
74%
ATL Deion Sanders
69%
PHI Reggie White
64%
LAR Aaron Donald
62%
BUF Bruce Smith
61%
WAS Darrell Green
61%
DEN Von Miller
51%
CAR Luke Kuechly
49%
CHI Dick Butkus
48%
SFF Ronnie Lott
48%
PIT Mean Joe Greene
47%
NYJ Darrelle Revis
44%
TBB Derrick Brooks
40%
LAC Junior Seau
31%
NEP Ty Law
30%
MIN Alan Page
29%
DET Dick Lane
29%
NOS Rickey Jackson
26%
DAL Bob Lilly
17%
CIN Geno Atkins
15%
ARI Larry Wilson
15%
LVR Ted Hendricks
15%
GBP Ray Nitschke
13%
SEA Cortez Kennedy
12%
KAN Willie Lanier
9%
IND Gino Marchetti
8%
TEN Elvin Bethea
6%
JAX Tony Brackens
3%
CLE Thom Darden
1%
No matching quizzes found
Score Distribution
Percent of People with Each Score
Percentile by Number Answered
Your Score History
You have not taken this quiz since the last reset